000 00945nam a22003137a 4500
001 8244
003 FISKH
005 20250904151249.0
008 250904b cb ||||| |||| 00| 0 eng d
020 _a9780439024464
040 _aFISKH
_beng
_cFISKH
_dFISKH
050 _aRA784 .B383
082 _a613.2
100 _aBerger, Melvin
245 _aHealthy eating /
_cby Melvin and Gilda Berger
250 _aFirst printing, September 2007
260 _aNew York :
_bScholastic ,
_c2007.
300 _a32 pages :
_bcolor illustrations ;
_c18 x 21 cm .
490 _aNow I Know
505 _aH
520 _aColorful photgraphs and simple sentences briefly describe good nutrition.
521 8 _a450
_bLexile estimate
521 8 _aH
_bRaz-Plus
650 _aNutrition
_vNon-fiction
650 _aHealthy choice
_vNon-fiction
700 _aSabato, Nancy
_eBook designer
942 _2ddc
_cBK
_n0
999 _c8244
_d8244